00331nam a2200109Ia 4500008004100000082000800041100001700049245003700066942000600103952009700109999001500206240331s9999 xx 000 0 und d bRAN aRanaweera, E 0aSome literary women of Sri Lanka cL 001040708LaWERCLbWERCLcSSCd2024-03-31l0o 305.4 RANp3854r2024-03-31w2024-03-31yL c1846d1846